[Event "LSS No Engine Cup 16 Final"]
[Site "LSS email"]
[Date "2010.09.20"]
[Round "?"]
[White "Yehuda, Ben"]
[Black "Elias, Benjamim do Vale"]
[Result "0-1"]
[WhiteElo "1597"]
[BlackElo "1971"]
[PlyCount "46"]
[EventDate "2010.09.21"]
[EventType "tourn (corr)"]
[EventRounds "6"]
[EventCountry "GER"]
[SourceTitle "Telechess CBM 143"]
[Source "ChessBase"]
[SourceDate "2011.07.15"]
[SourceVersion "1"]
[SourceVersionDate "2011.07.15"]
[SourceQuality "1"]

1. d4 d6 2. c4 Nf6 3. Nc3 Nbd7 4. Nf3 e5 5. e3 g6 6. Be2 Bg7 7. 0-0 0-0 8. Qc2 Re8 9. h3 c6 10. b3 Qe7 11. Bb2 b6 12. dxe5 dxe5 13. Rad1 e4 14. Nd4 Bb7 15. a3 Ne5 16. b4 c5 17. bxc5 bxc5 18. Nb3 Nf3+ 19. Kh1 Qe5 20. g3 Bc8 21. Nd5 Qh5 22. Nf4 Qh6 23. h4 g5 0-1